00520nam a2200157 a 450000100100000000500170001000800410002704000250006824500340009326000530012730000210018049000160020183000230021795201050024099900170034500004403320201002045115.0140513s1964 mx 000 0 spa d aDO-SdBNPbspacBNPHU04aLas edades de oro del teatro. aMéxico :bFondo de Cultura Económica,c1964. a347 p. ;c19 cm.0 aPopurlav54 0aPopularv54913374 001050718MOaGRbGRcCTd2014-05-13iLF1l0o p44033-10r2020-06-25w2020-06-25y1ZNo se presta c43522d43522